| Tag |
First Indicator |
Second Indicator |
Subfields |
| LEADER |
00000cam a2200000Ii 4500 |
| 001 |
in00004645809 |
| 003 |
OCoLC |
| 005 |
20230213152408.5 |
| 008 |
220512t20232023nyu b 001 0 eng d |
| 035 |
|
|
|a (OCoLC)1316698703
|
| 040 |
|
|
|a YDX
|e rda
|c YDX
|d COO
|d BDX
|
| 020 |
|
|
|a 9781032130330
|q hardcover
|
| 020 |
|
|
|a 1032130334
|q hardcover
|
| 020 |
|
|
|z 9781000777086
|q electronic book
|
| 020 |
|
|
|z 1000777081
|q electronic book
|
| 020 |
|
|
|z 9781032130347
|q electronic book
|
| 020 |
|
|
|z 1032130342
|q electronic book
|
| 020 |
|
|
|z 9781000777093
|q electronic publication
|
| 020 |
|
|
|z 100077709X
|q electronic publication
|
| 037 |
|
|
|a 9781032130347
|b Taylor & Francis
|
| 050 |
|
4 |
|a PS153.A84
|b G53 2023
|
| 082 |
0 |
|
|a 810.9895
|2 23
|
| 100 |
1 |
|
|a Gibbons, Jeffrey T.
|e author.
|
| 245 |
1 |
0 |
|a Asian American war stories :
|b trauma and healing in contemporary Asian American literature /
|c Jeffrey T. Gibbons.
|
| 264 |
|
1 |
|a New York :
|b Routledge,
|c [2023].
|
| 264 |
|
4 |
|c ©2023.
|
| 300 |
|
|
|a x, 178 pages ;
|c 24 cm.
|
| 336 |
|
|
|a text
|b txt
|2 rdacontent
|
| 337 |
|
|
|a unmediated
|b n
|2 rdamedia
|
| 338 |
|
|
|a volume
|b nc
|2 rdacarrier
|
| 490 |
1 |
|
|a Routledge Research in American literature and culture
|
| 504 |
|
|
|a Includes bibliographical references and index.
|
| 520 |
|
|
|a Asian American War Stories examines contemporary Asian American literature that considers both the short-term and the long-term effects of war, trauma and displacement on civilians, as well as the ways that individuals seek healing in the face of suffering. Through the works of contemporary writers like Chang-rae Lee, Ocean Vuong, Nora Okja Keller, Julie Otsuka, Lan Cao and Lawson Inada, this book explores the ways that recent Asian American literature reflects the enduring consequences of America's wars in Asia at the individual and collective levels. The book also considers the journeys that individuals take as they pursue healing of their traumatic wounds.
|
| 650 |
|
0 |
|a American literature
|x Asian American authors
|x History and criticism.
|
| 650 |
|
0 |
|a War in literature.
|
| 650 |
|
7 |
|a LITERARY CRITICISM / American / Asian American
|2 bisacsh
|
| 650 |
|
7 |
|a HISTORY / Asia / General
|2 bisacsh
|
| 650 |
|
7 |
|a HISTORY / Military / United States
|2 bisacsh
|
| 830 |
|
0 |
|a Routledge research in American literature and culture.
|
| 945 |
|
|
|b 577920
|
| 947 |
|
|
|a A14851374927
|
| 948 |
|
|
|a dmitchel 2/13/23 9.20.10
|
| 980 |
|
|
|b print
|c 40031508761
|f NONFIC/B
|g 565714
|k USD
|m 129.60
|q 1
|s AcqMono Conventional
|t Approval plan
|u Vendor order reference number
|v ZYBP
|y Print approval
|z Physical resource
|
| 999 |
f |
f |
|i 878a03ba-64e2-4450-9104-5697a5537b53
|s 50974f1b-327a-402b-befe-be8d030fe6b1
|t 0
|
| 952 |
f |
f |
|p normal
|a Texas A&M University
|b College Station
|c Sterling C. Evans Library
|s Evans stk
|d Evans: Library Stacks
|t 0
|e PS153.A84 G53 2023
|h Library of Congress classification
|i unmediated -- volume
|m A14851374927
|